Commentary on Information Technology Act/ (Record no. 196496)
[ view plain ]
| 000 -LEADER | |
|---|---|
| fixed length control field | 00640nam a22001937a 4500 |
| 005 - DATE AND TIME OF LATEST TRANSACTION | |
| control field | 20230705144750.0 |
| 010 ## - LCCN (DPL NO) | |
| LC control number | ENG-137283 |
| 020 ## - INTERNATIONAL STANDARD BOOK NUMBER | |
| International Standard Book Number | 9788180387029 |
| Terms of availability | 1295.00 |
| 035 ## - SYSTEM CONTROL NUMBER | |
| System control number | EN-120815 |
| 037 ## - SOURCE OF ACQUISITION | |
| Source of stock number/acquisition | DBAD/PUB |
| 082 ## - DEWEY DECIMAL CLASSIFICATION NUMBER | |
| Classification number | 343.54 |
| 100 ## - MAIN ENTRY--PERSONAL NAME | |
| Personal name | Gupta, Apar |
| 245 ## - TITLE STATEMENT | |
| Title | Commentary on Information Technology Act/ |
| Statement of responsibility, etc | by Apar Gupta |
| 250 ## - EDITION STATEMENT | |
| Edition statement | Second Edition 2011 |
| 260 ## - PUBLICATION, DISTRIBUTION, ETC. (IMPRINT) | |
| Place of publication, distribution, etc | Haryana |
| Name of publisher, distributor, etc | LexisNexis Butterworths Wadhwa Nagpur |
| Date of publication, distribution, etc | 2011 |
| 270 ## - ADDRESS | |
| Address | 14th floor,building No10,Tower -B,DLF cyber city,phase-II |
| City | Gurgaon |
| Postal code | 122002 |
| 300 ## - PHYSICAL DESCRIPTION | |
| Extent | lxix,822pg |
| Dimensions | 25cm(hb) |
| 942 ## - ADDED ENTRY ELEMENTS (KOHA) | |
| Source of classification or shelving scheme | Dewey Decimal Classification |
| Item type | English Books |
| Classification part | 343.54 |
| Call number suffix | GUP |
| Edition | Second Edition 2011 |
| Withdrawn status | Lost status | Not for loan | Collection code | Home library | Current library | Date acquired | Source of acquisition | Cost, normal purchase price | Full call number | Barcode | Copy number | Cost, replacement price | Koha item type |
|---|---|---|---|---|---|---|---|---|---|---|---|---|---|
| Non-fiction | Narela | Narela | 05/07/2023 | DBAD/PUB | 1295.00 | 343.54 GUP | EN-120815 | 1 | 1295.00 | English Books |
